000 00412nam a22001697a 4500
003 SGT
020 _a9788123927862
082 _a616.01
_bT15A
100 _aArora, D. K.
245 _aTextbook of Microbiology for Dental Students
250 _a4th Ed.
260 _aNew Delhi, India
_bCBS Pub. Pvt. Ltd.
_c2015
300 _a396
650 _aMicrobiology
700 _aArora, Brij Bala
942 _2ddc
_cBK
999 _c32244
_d32244